Catalog

Record Details

Catalog Search



The new megatrends : seeing clearly in the age of ... Read More

Available copies

  • 2 of 2 copies available at LARL/NWRL Consortium.
  • 1 of 1 copy available at Lake Agassiz Regional Library. (Show preferred library)

Current holds

0 current holds with 2 total copies.

Show Only Available Copies
Location Call Number / Copy Notes Barcode Shelving Location Status Due Date
Crookston Public Library 303.4909 SAL (Text) 33500013637095 Main Available -
Red Lake Falls Public Library 303.4909 SAL (Text) 35500006583122 Main Available -

Record details

  • ISBN: 9780593239704
  • ISBN: 0593239709
  • Physical Description: xxx, 320 pages ; 25 cm.
  • Edition: First edition.
  • Publisher: New York : Currency, [2022]

Content descriptions

Bibliography, etc. Note:
Includes bibliographical references (pages ... Read More
Formatted Contents Note:
Introduction. Spotting Trends -- The Bug and the ... Read More
Summary, etc.:
"A pioneering forecaster predicts the trends and ... Read More
Subject: Business forecasting.
Technological innovations > Forecasting.
Twenty-first century > Forecasts.
LDR 03546cam a22003858i 4500
001392501
003LARL_NWRL_CONSORTIUM
00520220531173207.0
008220304s2022 nyu e b 001 0 eng
010 . ‡a2022000914
019 . ‡a1302014052
020 . ‡a9780593239704 ‡q(hardcover ; ‡qalk. paper)
020 . ‡a0593239709 ‡q(hardcover ; ‡qalk. paper)
035 . ‡a(OCoLC)1302332617 ‡z(OCoLC)1302014052
040 . ‡aDLC ‡beng ‡erda ‡cDLC ‡dOCLCO ‡dOCLCF ‡dRNL ‡dOCLCO ‡dIDO ‡dGZD
042 . ‡apcc
08200. ‡a303.4909/05 ‡223
092 . ‡a303.490905 ‡bS1868
1001 . ‡aSalzman, Marian L., ‡eauthor.
24514. ‡aThe new megatrends : ‡bseeing clearly in the age of disruption / ‡cMarian Salzman.
250 . ‡aFirst edition.
264 1. ‡aNew York : ‡bCurrency, ‡c[2022]
300 . ‡axxx, 320 pages ; ‡c25 cm.
336 . ‡atext ‡btxt ‡2rdacontent
337 . ‡aunmediated ‡bn ‡2rdamedia
338 . ‡avolume ‡bnc ‡2rdacarrier
504 . ‡aIncludes bibliographical references (pages 251-304) and index.
5050 . ‡aIntroduction. Spotting Trends -- The Bug and the Virus -- 2000-2019: A Slow Slide -- Climate Truths -- The Chaos of Now -- America Divided -- China Makes Its Move -- Who's in Your Lifeboat? -- Crossing Lines -- Small Is the New Big -- The Luxury of Freedom and Time -- The Inequity of Wealth -- Is the Future Really Female? -- Guy Problems -- Unmooring from Gender and Cis-Sameness -- Me, Myself, and I -- Our World in -- Conclusion. What's in It for Me?
520 . ‡a"A pioneering forecaster predicts the trends and technologies that will shape global culture and commerce in the next two decades-a must-read guide for business leaders, entrepreneurs, and anyone looking for an edge. A little more than twenty years ago, the Y2K computer glitch threatened to bring the global economy to its knees. But instead of overnight disruption, humankind slipped into two decades of economic turmoil, ecological angst, and tribalism, all set against the backdrop of a newly global and digital civilization. So what's in store for the next two decades? In this acutely observed guide, Marian Salzman, whose past predictions have been heralded for coming uncannily close to the way we live now, unpacks the course of human life from the bumpy turn of the millennium through the pandemic era, when chaos and "together apart" seems to have become the new normal, equity has become a battle cry, and breathing space emerged as the greatest luxury of all. Drawing inspiration from John Naisbitt's classic 1982 book Megatrends, Salzman then turns to the two decades ahead. Navigating deftly among geographies, Salzman connects threads across business, civic life, consumerism, family, and entertainment, revealing the trends and developments-some established, some surprising-poised to shift our identities, shape our collective future, and recast our past. In a world dominated by disruption, being prepared for change is a critical advantage. The New Megatrends is gripping reading for anyone seeking to understand the shape and texture of the next era, which, above all, will be marked by its relentless pace, new technology, and the ever-present threats of climate change and political division"-- ‡cProvided by publisher.
650 0. ‡aBusiness forecasting. ‡0(LARL_NWRL_CONSORTIUM)15597
650 0. ‡aTechnological innovations ‡xForecasting.
650 0. ‡aTwenty-first century ‡vForecasts. ‡0(LARL_NWRL_CONSORTIUM)33155
901 . ‡a392501 ‡b ‡c392501 ‡tbiblio

Additional Resources